Agricultura, comercio y desarrollo: multilateralismo vs. proteccionismo
Uloženo v:
| Hlavní autor: | |
|---|---|
| Korporativní autor: | |
| Médium: | Kniha |
| Jazyk: | španělština |
| Vydáno: |
Bogotá
Banco Mundial
2005
Bogotá Alfaomega 2005 |
| Edice: | Desarrollo para Todos, 2
|
| Témata: | |
| Tagy: |
Přidat tag
Žádné tagy, Buďte první, kdo vytvoří štítek k tomuto záznamu!
|
MARC
| LEADER | 00000nam a2200000 a 4500 | ||
|---|---|---|---|
| 001 | UCK3552 | ||
| 003 | CL-VaPUC | ||
| 008 | 050429e20050000ck |||||||||||||||||spa|d | ||
| 020 | |a 9586825469 | ||
| 082 | 0 | 4 | |a 338.9 |b NAS |2 21 |
| 100 | |a Nash, John D. |e autor |9 491637 | ||
| 110 | 2 | |a Banco Mundial |e author |9 491638 | |
| 245 | 1 | 0 | |a Agricultura, comercio y desarrollo: multilateralismo vs. proteccionismo |
| 300 | |a 64 p | ||
| 942 | |c BK | ||
| 945 | |d 20050429 00:00:00 |a cmena | ||
| 260 | |a Bogotá |b Banco Mundial |c 2005 | ||
| 260 | |a Bogotá |b Alfaomega |c 2005 | ||
| 650 | 0 | |a Agricultura |9 255598 | |
| 650 | 7 | |a COMERCIO INTERNACIONAL |2 CL-VaPUC |9 491639 | |
| 650 | 0 | |a Desarrollo económico |9 259599 | |
| 583 | |a last modification |c 20171004 05:18:09 |k Rodrigo Vera | ||
| 490 | 0 | |a Desarrollo para Todos, 2 | |
| 999 | |c 312684 |d 312682 | ||
| 952 | |0 0 |1 0 |4 0 |6 338_900000000000000_NAS_2005_2005 |7 0 |8 A |9 383342 |a BIBAGR |b BIBAGR |d 2019-11-21 |i 4101022 |o 338.9 NAS 2005 2005 |p 4101022 |r 2025-01-20 |w 2019-11-21 |y BK |k AGR | ||
| 952 | |0 0 |1 0 |4 0 |6 338_900000000000000_NAS_2005_2005 |7 0 |8 A |9 383343 |a BIBGIM |b BIBGIM |d 2019-11-21 |i 4104994 |o 338.9 NAS 2005 2005 |p 4104994 |r 2025-01-15 |w 2019-11-21 |y BK |k GIM | ||